Algebra: a modern introduction

Saved in:
Bibliografiske detaljer
Main Authors: Kelley, John L (Author), Dubisch, Roy (Author), Taylor, Scott (Author), Friend, Jamesine (Author)
Format: Bog
Sprog:engelsk
Udgivet: Princeton D. van Nostrand 1965
Serier:The University Series in Undergraduate Mathematics
Fag:
Tags: Tilføj Tag
Ingen Tags, Vær først til at tagge denne postø!

MARC

LEADER 00000nam a2200000 a 4500
001 UCQ8361
003 CL-VaPUC
008 981209e19650000us |||||||||||||||||eng|d
082 0 4 |a 512  |b KEL  |2 21 
100 |a Kelley, John L  |e author  |9 592077 
700 0 |a Dubisch, Roy  |e author  |9 422315 
700 0 |a Taylor, Scott  |e author  |9 422316 
700 0 |a Friend, Jamesine  |e author  |9 422317 
245 1 0 |a Algebra: a modern introduction 
300 |a 335 p 
942 |c BK 
945 |d 19981209 00:00:00  |a crobeson 
260 |a Princeton  |b D. van Nostrand  |c 1965 
650 0 |a Álgebra  |9 259567 
650 0 |a Teoría de números  |9 265327 
650 0 |a Teoría de conjuntos   |9 265668 
650 0 |a Vectores  |9 317184 
650 0 |a Álgebra lineal   |9 260445 
650 0 |a Geometría vectorial  |9 358887 
583 |a last modification  |c 20150504 03:18:10  |k Rodrigo Vera 
490 0 |a The University Series in Undergraduate Mathematics 
999 |c 277646  |d 277644 
952 |0 0  |1 0  |4 0  |6 512_000000000000000_KEL_1965  |7 0  |8 A  |9 315691  |a BIBMAT  |b BIBMAT  |d 2019-11-20  |i 1301675  |o 512 KEL 1965  |p 1301675  |r 2025-01-07  |w 2019-11-20  |y BK  |k MAT 
952 |0 0  |1 0  |4 0  |6 512_000000000000000_KEL_1965  |7 0  |8 A  |9 315692  |a BIBMAT  |b BIBMAT  |d 2019-11-20  |i 1301969  |o 512 KEL 1965  |p 1301969  |r 2025-01-07  |w 2019-11-20  |y BK  |k MAT